Курс уголовного права. Общая часть. Т. 1: Учение о преступлении (Запись № 175218)

Подробности
000 -МАРКЕР
контрольное поле 01517nam2a2200301 4500
001 - ИДЕНТИФИКАТОР ЗАПИСИ
контрольное поле RU\NLR\bibl\35310
005 - ИДЕНТИФИКАТОР ВЕРСИИ
контрольное поле 20260406093153.0
010 ## - МЕЖДУНАРОДНЫЙ СТАНДАРТНЫЙ НОМЕР КНИГИ (ISBN)
Номер (ISBN) 5-8078-0039-7
Тираж 8 000
035 ## - ДРУГИЕ СИСТЕМНЫЕ НОМЕРА
Идентификатор записи (NLR Aleph) 000034411
100 ## - ДАННЫЕ ОБЩЕЙ ОБРАБОТКИ
Данные общей обработки 19990625d1999 |||y0rusy50 ca
101 0# - ЯЗЫК РЕСУРСА
Язык текста, звукозаписи и т.д. русский
102 ## - СТРАНА ПУБЛИКАЦИИ ИЛИ ПРОИЗВОДСТВА
Страна публикации Российская Федерация
105 ## - ПОЛЕ КОДИРОВАННЫХ ДАННЫХ: ТЕКСТОВЫЕ МАТЕРИАЛЫ, МОНОГРАФИЧЕСКИЕ
Кодированные данные о монографическом текстовом документе a |||||||||
200 1# - ЗАГЛАВИЕ И СВЕДЕНИЯ ОБ ОТВЕТСТВЕННОСТИ
Основное заглавие Учение о преступлении
Первые сведения об ответственности [Борзенков Г.Н., д.ю.н., проф., Комиссаров В.С., д.ю.н., проф., Крылова Н.Е. к.ю.н., доц. и др.]
210 ## - ПУБЛИКАЦИЯ, РАСПРОСТРАНЕНИЕ И ДР.
Дата издания, распространения и т.д. 1999
215 ## - ФИЗИЧЕСКАЯ ХАРАКТЕРИСТИКА
Специфическое обозначение материала и объем 577 c.
320 ## - ПРИМЕЧАНИЯ О НАЛИЧИИ В ДОКУМЕНТЕ БИБЛИОГРАФИИ / УКАЗАТЕЛЯ
Текст примечания Библиогр. в подстроч. примеч.
461 #0 - УРОВЕНЬ НАБОРА
Встроенное поле 001RU\NLR\bibl\34228
-- 2001#$aКурс уголовного права. Общая часть$vТ. 1
Системный номер (АБИС) связанной записи 168869
Место публикации М.
Дата публикации 1999
Первые сведения об ответственности Моск. гос. ун-т им. М.В. Ломоносова. Юрид. фак.
Имя издателя, распространителя и т.д. Зерцало
Сведения, относящиеся к заглавию Учеб. для юрид. вузов
Заглавие Курс уголовного права. Общая часть
Номер тома Т. 1
701 #1 - ИМЯ ЛИЦА - АЛЬТЕРНАТИВНАЯ ОТВЕТСТВЕННОСТЬ
Начальный элемент ввода Борзенков
Часть имени, кроме начального элемента ввода Г. Н.
Код отношения Автор
701 #1 - ИМЯ ЛИЦА - АЛЬТЕРНАТИВНАЯ ОТВЕТСТВЕННОСТЬ
Код отношения Автор
Материалы, к которым относится поле rus
Графика поля Кириллица
Начальный элемент ввода Комиссаров
Часть имени, кроме начального элемента ввода В. С.
Дополнения к именам, кроме дат д-р юрид. наук
Даты 1953-2017
Расширение инициалов личного имени Владимир Сергеевич
Идентификатор авторитетной/нормативной записи RU\NLR\AUTH\7764952
Системный номер авторитетной/нормативной записи 47881
701 #1 - ИМЯ ЛИЦА - АЛЬТЕРНАТИВНАЯ ОТВЕТСТВЕННОСТЬ
Код отношения Автор
Материалы, к которым относится поле rus
Графика поля Кириллица
Начальный элемент ввода Крылова
Часть имени, кроме начального элемента ввода Н. Е.
Дополнения к именам, кроме дат д-р юрид. наук
Даты 1968-
Расширение инициалов личного имени Наталья Евгеньевна
Идентификатор авторитетной/нормативной записи RU\NLR\auth\7771960
Системный номер авторитетной/нормативной записи 54888
801 #0 - ИСТОЧНИК ЗАПИСИ
Страна Российская Федерация
Организация NLR
Дата составления 19990625
Правила каталогизации PSBO
801 #1 - ИСТОЧНИК ЗАПИСИ
Страна Российская Федерация
Организация NLR
Дата составления 19990625
852 ## - МЕСТОНАХОЖДЕНИЕ И ШИФР ХРАНЕНИЯ
Идентификатор организации NLR
Шифр хранения (Call Number) 99-5/1486
942 ## - ДОПОЛНИТЕЛЬНЫЕ ЭЛЕМЕНТЫ ЗАПИСИ (АБИС)
Тип экземпляра АБИС Книга
980 ## - КОЛЛЕКЦИЯ
Название коллекции Национальная библиография
Экземпляры
Тип экземпляра Дата поступления Источник поступления Стоимость Библиотека постоянного хранения Библиотека текущего хранения Место хранения Штрих-код Статус экземпляра
Книга 13.10.2004 Подсобные фонды РНБ 56.70 РНБ (Садовая) РНБ (Садовая) Макулатура 770331